Chargement en cours...

The entertainer : a play

Détails bibliographiques
Auteur principal: Osborne, John
Format: Printed Book
Langue:English
Publié: London : faber and faber , c1972.
LEADER 00601nam a22001457a 4500
008 170422b xxu||||| |||| 00| 0 eng d
020 |a 0571063675 
100 |a Osborne, John 
245 |a The entertainer :  |b a play 
260 |a London :  |b faber and faber ,  |c c1972. 
300 |b 89p. 
942 |c BK 
999 |c 198227  |d 198227 
952 |0 0  |1 0  |4 0  |6 822_910000000000000_OSB_E  |7 0  |9 219256  |a ENG  |b ENG  |c ST1  |d 2017-04-22  |i 11099  |l 0  |o 822.91 OSB/E  |p ENG11099  |r 2017-04-22  |w 2018-08-21  |y BK 
952 |0 0  |1 0  |4 0  |6 822_910000000000000_OSB_E  |7 0  |9 219257  |a ENG  |b ENG  |c ST1  |d 2017-04-22  |i 9493  |l 0  |o 822.91 OSB/E  |p ENG9493  |r 2017-04-22  |w 2018-08-21  |y BK